00662nam a2200193Ia 4500003000900000008004100009040001600050080001500066100002100081245010700102260004800209300001500257650001900272650001600291700002600307942000700333999001500340952011300355IN-BaIIA211028s9999 xx 000 0 eng d cIIA Library a530.1bEIN aEinstein, Albert 4aThe evolution of physicscEinstein, Albert and Leopold Infeld  aCambridgebCambridge University Pressc1961 axvi, 302p. aNASA thesaurus aPhysics973 aInfeld, Leopold94114 cBK c2325d2325 00104070aBANbBANcGENd1965-03-03g8.91l0o530.1/ EINp2604r2021-11-05v8.91w1965-03-03yBKGRs. 8.91